Statistics for Portugal True or False?

Click here to take the quiz!

General Stats

  • This quiz has been taken 218 times
  • The average score is 9 of 15

Answer Stats

QuestionAnswer% Correct
The oldest university in Portugal is located in Coimbra.True
86%
Rice is the most famous product exported in Portugal.False
79%
Vasco da Gama was the first to sail from Europe to the East Indies.True
76%
Portugal had independence in 1139, and was given as independent in 1143.True
69%
Lisbon is older than Rome and Athens.False
67%
Even being in Brazil, Rio de Janeiro was once the capital of Portugal.True
62%
Portugal has 37 Districts and 1 Autonomous Region.False
60%
The largest omelet in the world was produced here.True
59%
The biggest wave in the world, was surfed in Cascais.False
56%
The country has already named a queen even after her death.True
56%
The country is a leader in renewable energy production.True
54%
The first pirate code was invented in the 17th century in Portugal.True
51%
The first hot air balloon flight was made by two Portuguese.False
49%
Portugal's GDP is higher than the GDP of the American state of Colorado.False
47%
The official language of Portugal, is Portuguese, and is spoken in 13 other countries.False
27%

Score Distribution

Percentile by Number Answered

Percent of People with Each Score

Your Score History

You have not taken this quiz